LDR 01129naa#a2200181#i#450# 001 RU\\bibl\86261 005 20260502074746.6 011 ## _a2312-7937 100 ## _a20240401b2024####ek#y0rusy0150####ca 102 ## _aRU 200 1# _aОСНОВНЫЕ ПРОБЛЕМЫ РЕАЛИЗАЦИИ МЕХАНИЗМА АДМИНИСТРАТИВНОГО НАКАЗАНИЯ В ВИДЕ АДМИНИСТРАТИВНОГО ВЫДВОРЕНИЯ ИНОСТРАННЫХ ГРАЖДАН ИЛИ ЛИЦ БЕЗ ГРАЖДАНСТВА ЗА ПРЕДЕЛЫ РОССИЙСКОЙ ФЕДЕРАЦИИ _eЖурнальная статья 210 1# _aДомодедово _cВсероссийский институт повышения квалификации сотрудников Министерства внутренних дел Российской Федерации _d2024 215 ## _a6 с. 608 ## _aЖурнальная статья _2local 675 ## _aПраво. Юридические науки. 34 _z 700 #1 _aСосновская _gЮлия Николаевна 700 #1 _aБондарь _gЕлена Олеговна 856 4# _avipkmvd.editorum.ru _u